三井グループのすべて

সংরক্ষণ করুন:
গ্রন্থ-পঞ্জীর বিবরন
প্রধান লেখক: 高村寿一(たかむら じゅいち)
বিন্যাস: গ্রন্থ
ভাষা:Undetermined
প্রকাশিত: 東京 日本実業出版社 1977
বিষয়গুলি:
ট্যাগগুলো: ট্যাগ যুক্ত করুন
কোনো ট্যাগ নেই, প্রথমজন হিসাবে ট্যাগ করুন!
Thư viện lưu trữ: Trung tâm Học liệu Trường Đại học Cần Thơ
LEADER 00551nam a2200193Ia 4500
001 CTU_91763
008 210402s9999 xx 000 0 und d
082 |a 338.8 
082 |b T136 
100 |a 高村寿一(たかむら じゅいち) 
245 0 |a 三井グループのすべて 
245 0 |c 高村寿一 
260 |a 東京 
260 |b 日本実業出版社 
260 |c 1977 
650 |a Corporations,Corporations 
650 |x Japan,Mitsui 
904 |i Ngoc 
980 |a Trung tâm Học liệu Trường Đại học Cần Thơ